000 00831nam a22002657a 4500
001 BR7400405
003 BR-BrBNA
005 20230928084512.0
007 ta
008 230509b bl.||||| |||| 00| 0 por d
040 _aBR-BrBNA
_bpor
_cBiblioteca Nacional de Agricultura
041 _a(Por)
072 _aF00
_b0430
_b/G514
090 _ 0430 BR7400405
100 1 _aDutra, G.R.P.
110 1 _aSociedade Nacional de Agricultura, Rio de Janeiro, GB (Brasil)
_99932
245 1 _aCondicoes da cultura do algodao no estado de Sao Paulo e seu futuro [Brasil]
_bConferencia feita em Junho de 1916
260 3 _aRio de Janeiro, GB (Brasil):
_bImprensa Nacional,
_c1916.
300 _a32 p.
650 _aALGODAO
650 _aPRATICA CULTURAL
650 _aSAO PAULO
909 _a202309
_bLucia
_c55
_dLucia Elande
942 _cBK
999 _c19398
_d19398